Bytový komplex Rustaveliho

Enregistré dans:
Détails bibliographiques
Auteur principal: Badžgoň, Patrik (Auteur)
Autres auteurs: Jankovichová, Eva (Directeur de thèse)
Format: Manuscrit Livre
Langue:slovaque
Publié: 2015
Sujets:
Accès en ligne:http://is.stuba.sk/zp/portal_zp.pl?podrobnosti=109374
https://opac.crzp.sk/?fn=detailBiblioForm&sid=78283B71680DBAF21444D01D22D4
Tags: Ajouter un tag
Pas de tags, Soyez le premier à ajouter un tag!

MARC

LEADER 00000ntm a22000003a 4500
001 stuzp51827
003 SK-STU
005 20231010104018.7
007 ta
008 150427s2015----xo-----f-mn---000-0-slo-d
040 |a STU  |b slo 
041 0 |a slo 
100 1 |a Badžgoň, Patrik  |u 010270  |4 aut  |U SvF Stavebná fakulta  |T SvF Katedra technológie stavieb  |X 7030  |U V270  |Y 28  |7 A000007030 
242 0 1 |a Apartment building Rustaveliho  |y eng 
245 1 0 |a Bytový komplex Rustaveliho 
260 |c 2015 
650 4 |a proces  |2 slo 
650 4 |a drevo  |2 slo 
650 4 |a stavenisko  |2 slo 
650 4 |a site  |2 eng 
650 4 |a process  |2 eng 
650 4 |a wood  |2 eng 
700 1 |a Jankovichová, Eva  |4 ths  |X 647  |7 A000000647 
856 4 |u http://is.stuba.sk/zp/portal_zp.pl?podrobnosti=109374 
856 4 |u https://opac.crzp.sk/?fn=detailBiblioForm&sid=78283B71680DBAF21444D01D22D4 
SQL |a stuzp51827  |b DDP  |c SLO  |d Bytový komplex Rustaveliho  |e 7030  |f Badžgoň, Patrik  |g 010270  |h 647  |i Jankovichová, Eva  |j 20150617  |k 681  |l 01  |m http://is.stuba.sk/zp/portal_zp.pl?podrobnosti=109374  |n I-TS  |o 5.2.8. stavebníctvo